| 000 | 00000nam##2200000za#4500 |
| 001 | 9.642957 |
| 003 | CaOODSP |
| 005 | 20210624223940 |
| 007 | cr ||||||||||| |
| 008 | 150407|2004||||xxc|||||o f|0| 0 fre|d |
| 040 | |aCaOODSP|bfre |
| 043 | |an-cn--- |
| 086 | 1 |aEn164-44/2004F-PDF |
| 110 | 1 |aCanada. |bEnvironnement Canada. |
| 245 | 13|aLa Stratégie binationale relative aux toxiques des Grands Lacs : |h[ressource électronique]|bstratégie Canada - États-Unis pour l'élimination virtuelle des substances toxiques rémanentes des Grands Lacs / |c[en collaboration avec le] U.S. Environmental Protection Agency. |
| 260 | |aBurlington - Ontario : |bEnvironnement Canada |c[2004]. |
| 300 | |a24p.|bphotographies |
| 590 | |a14-05-Supp|b2014-02-26 |
| 691 | 07|aLac|2gcpds |
| 691 | 07|aProduit toxique|2gcpds |
| 691 | 07|aProtection de l'environnement|2gcpds |
| 775 | 08|tGreat Lakes Binational Toxics Strategy : |w(CaOODSP)9.698960 |
| 856 | 40|ahttp://publications.gc.ca|qPDF|s3.96 Mo|uhttps://publications.gc.ca/collections/collection_2014/ec/En164-44-2004-fra.pdf |